[Event "Warsaw Maciei Memorial"]
[Site "Warsaw"]
[Date "2023.07.10"]
[Round "1"]
[White "Strawa, Jakub"]
[Black "Kubicka, Anna"]
[Result "0-1"]
[WhiteElo "1605"]
[BlackElo "2240"]
[PlyCount "68"]
[EventDate "2023.07.10"]
[EventType "swiss (blitz)"]
[EventRounds "11"]
[EventCountry "POL"]
[SourceTitle "CBM 215 Extra"]
[Source "ChessBase"]
[SourceDate "2023.09.30"]
[SourceVersion "1"]
[SourceVersionDate "2023.09.30"]
[SourceQuality "1"]

1. e4 c5 2. Nf3 d6 3. d4 cxd4 4. Nxd4 Nf6 5. Nc3 a6 6. Bg5 Nbd7 7. f4 Qc7 8. Qf3 h6 9. Bh4 g5 10. Bg3 gxf4 11. Bxf4 e5 12. 0-0-0 exf4 13. Qxf4 Qc5 14. Nf5 Qe5 15. Qd2 Nc5 16. Bd3 Bxf5 17. exf5 0-0-0 18. g3 h5 19. Rhe1 Qd4 20. Qg5 Bh6 21. h4 Bxg5+ 22. hxg5 Ng4 23. g6 fxg6 24. fxg6 Kb8 25. Bf5 Qf6 26. Bxg4 hxg4 27. Nd5 Qxg6 28. Kb1 Rh2 29. Rc1 Ne4 30. Nf4 Qh7 31. Ne6 Rc8 32. Nd4 Nxg3 33. Rg1 Ne2 34. Nxe2 Rxe2 0-1

[Event "Lazy Baltic Pearl op-A 19th"]
[Site "Lazy"]
[Date "2023.06.28"]
[Round "3"]
[White "Strawa, Jakub"]
[Black "Cyra, Dariusz"]
[Result "0-1"]
[WhiteElo "1585"]
[BlackElo "1863"]
[PlyCount "48"]
[EventDate "2023.06.26"]
[EventType "swiss"]
[EventRounds "9"]
[EventCountry "POL"]
[SourceTitle "CBM 215 Extra"]
[Source "ChessBase"]
[SourceDate "2023.09.30"]
[SourceVersion "1"]
[SourceVersionDate "2023.09.30"]
[SourceQuality "1"]

1. e4 Nc6 2. Nf3 d5 3. exd5 Qxd5 4. Nc3 Qa5 5. d4 Bg4 6. Be2 0-0-0 7. Be3 Nf6 8. h3 Bh5 9. g4 Bg6 10. Qd2 e5 11. g5 exd4 12. Nxd4 Nxd4 13. Bxd4 Bc5 14. gxf6 Bxd4 15. 0-0-0 Bxf6 16. Bg4+ Kb8 17. Qe3 h5 18. Be2 Rde8 19. Qf3 Bxc3 20. bxc3 Be4 21. Rd8+ Rxd8 22. Qxe4 Qxa2 23. Bd3 Rhe8 24. Qf3 Rxd3 0-1